[Event "15. Torneo Aficionados Benidorm s-2300"]
[Site "Benidorm ESP"]
[Date "2016.12.02"]
[Round "1.1"]
[White "Sanchez Jerez, Emilio Miguel"]
[Black "Abella Vazquez, Cesar"]
[Result "1/2-1/2"]
[WhiteElo "2295"]
[BlackElo "2114"]
[PlyCount "136"]
[EventDate "2016.12.02"]
[EventType "swiss"]
[EventRounds "10"]
[EventCountry "ESP"]
[SourceTitle "Ajedrez en Madrid"]
[Source "lmi"]
[SourceDate "2016.12.02"]

1. e4 e6 2. d4 d5 3. Bd3 dxe4 4. Bxe4 Nf6 5. Bf3 Bd6 6. Ne2 O-O 7. c4 Nbd7 8.
c5 Be7 9. Bf4 Nd5 10. Bg3 c6 11. Nbc3 b6 12. Nxd5 exd5 13. b4 Ba6 14. O-O Re8
15. Re1 Bf6 16. Qd2 Bxe2 17. Bxe2 Nf8 18. Ba6 Qd7 19. a4 bxc5 20. bxc5 Rxe1+
21. Rxe1 Ne6 22. Qb4 h5 23. Be5 Bxe5 24. Rxe5 Qc7 25. Rxh5 Rb8 26. Qd2 Rb1+ 27.
Bf1 Qb7 28. Qd3 g6 29. Rh4 Qb4 30. g3 Rb3 31. Qe2 Qb8 32. Qd2 Kg7 33. Bh3 Kf6
34. Bxe6 Kxe6 35. Rf4 f5 36. Rh4 Kf6 37. Rh6 Rb1+ 38. Kg2 Qe8 39. Qf4 Qe4+ 40.
Qxe4 fxe4 41. Rh7 Rd1 42. Rxa7 Rxd4 43. Ra6 Ke5 44. Rxc6 Rxa4 45. Rxg6 d4 46.
Rg5+ Ke6 47. Rg8 d3 48. Rd8 Rc4 49. f3 Rc2+ 50. Kh3 Ke5 51. Re8+ Kd4 52. Rxe4+
Kxc5 53. Re8 Rc4 54. Re1 Kd4 55. f4 d2 56. Rd1 Ke3 57. Kg4 Ke2 58. Rxd2+ Kxd2
59. Kg5 Ke3 60. f5 Ke4 61. h4 Ke5 62. h5 Rc8 63. Kg6 Rg8+ 64. Kf7 Rxg3 65. h6
Kxf5 66. h7 Rh3 67. Kg7 Rxh7+ 68. Kxh7 Ke5 1/2-1/2

[Event "15. Torneo Aficionados Benidorm s-2300"]
[Site "Benidorm ESP"]
[Date "2016.12.02"]
[Round "1.2"]
[White "Lillo Ferrer, Jose Maria M"]
[Black "Lillo Castany, Victor"]
[Result "1/2-1/2"]
[WhiteElo "2113"]
[BlackElo "2290"]
[PlyCount "71"]
[EventDate "2016.12.02"]
[EventType "swiss"]
[EventRounds "10"]
[EventCountry "ESP"]
[SourceTitle "Ajedrez en Madrid"]
[Source "lmi"]
[SourceDate "2016.12.02"]

1. e4 e5 2. Nf3 Nc6 3. Bb5 g6 4. O-O Bg7 5. Re1 Nge7 6. c3 d6 7. h3 O-O 8. d4
Bd7 9. Bc4 h6 10. Na3 g5 11. Bxg5 hxg5 12. Nxg5 Bf6 13. h4 Bxg5 14. hxg5 exd4
15. Qh5 Ne5 16. cxd4 Nxc4 17. Nxc4 Qe8 18. Re3 f6 19. g6 Nxg6 20. f4 Kg7 21. f5
Rh8 22. Qxg6+ Qxg6 23. fxg6 Rae8 24. Rae1 Rh4 25. d5 Kxg6 26. b3 Rg4 27. Kf2
Rh8 28. Rg3 Rxg3 29. Kxg3 Rh7 30. Rc1 Re7 31. Kf4 Rh7 32. Ne3 Rh4+ 33. Kf3 Rh7
34. Kf4 Rh4+ 35. Kf3 Rh7 36. Ra1 1/2-1/2

[Event "15. Torneo Aficionados Benidorm s-2300"]
[Site "Benidorm ESP"]
[Date "2016.12.02"]
[Round "1.3"]
[White "Exposito Amaro, Josue"]
[Black "Roldan Marques, Daniel"]
[Result "1-0"]
[WhiteElo "2283"]
[BlackElo "2109"]
[PlyCount "55"]
[EventDate "2016.12.02"]
[EventType "swiss"]
[EventRounds "10"]
[EventCountry "ESP"]
[SourceTitle "Ajedrez en Madrid"]
[Source "lmi"]
[SourceDate "2016.12.02"]

1. e4 e5 2. Nf3 Nc6 3. c3 d5 4. Qa4 Nf6 5. Nxe5 Bd6 6. Nxc6 bxc6 7. d3 O-O 8.
Be2 dxe4 9. dxe4 Re8 10. Nd2 Bf4 11. f3 Nh5 12. g3 Qg5 13. gxf4 Qg2 14. Rf1
Nxf4 15. Rf2 Qg1+ 16. Nf1 Nh3 17. Be3 Rd8 18. Qxc6 Be6 19. Rd1 Nxf2 20. Bxf2
Qg5 21. Qc5 Rxd1+ 22. Bxd1 Qc1 23. Bd4 Bxa2 24. Nd2 f6 25. b3 Rf8 26. Qxa7 Rd8
27. Qxa2 c5 28. b4+ 1-0

[Event "15. Torneo Aficionados Benidorm s-2300"]
[Site "Benidorm ESP"]
[Date "2016.12.02"]
[Round "1.4"]
[White "Do Santos Julio, Joao Manuel"]
[Black "Cano Gimenez, Vicente"]
[Result "1/2-1/2"]
[WhiteElo "2108"]
[BlackElo "2282"]
[PlyCount "160"]
[EventDate "2016.12.02"]
[EventType "swiss"]
[EventRounds "10"]
[EventCountry "ESP"]
[SourceTitle "Ajedrez en Madrid"]
[Source "lmi"]
[SourceDate "2016.12.02"]

1. e4 c5 2. Nf3 Nc6 3. d4 cxd4 4. Nxd4 g6 5. c4 Nf6 6. Nc3 d6 7. Be2 Nxd4 8.
Qxd4 Bg7 9. Qd1 O-O 10. Be3 Qa5 11. O-O Be6 12. Qd2 Rfc8 13. b3 a6 14. Rac1 b5
15. Nd5 Qxd2 16. Bxd2 Bxd5 17. exd5 Ne4 18. Be1 a5 19. f3 Nf6 20. Bh4 b4 21.
Bd3 a4 22. Rce1 axb3 23. axb3 Kf8 24. Re2 Ng8 25. Rfe1 Bd4+ 26. Kf1 Rc7 27. g4
Bc3 28. Rb1 Nf6 29. Bf2 Nd7 30. Kg2 Rcc8 31. h4 Ra3 32. Bc2 Rca8 33. h5 Ra1 34.
Rxa1 Rxa1 35. hxg6 hxg6 36. f4 Ra2 37. Kf3 Ra1 38. Kg3 Rc1 39. Be3 Rf1 40. Kg2
Ra1 41. Bf2 Ra3 42. Kf3 Ra5 43. Bh4 Nf6 44. f5 gxf5 45. gxf5 Ra1 46. Bxf6 Bxf6
47. Kg2 Ke8 48. Kf3 Kd7 49. Ke4 Kc7 50. Rh2 Kb6 51. Rd2 Kc5 52. Rd1 Ra8 53. Rg1
Rh8 54. Bd1 Bd4 55. Rg2 Be5 56. Bg4 Rh4 57. Kd3 Bc3 58. Ke3 Rh1 59. Kd3 Rb1 60.
Ra2 Kb6 61. Bh5 Bf6 62. Kc2 Rh1 63. Bxf7 Rh3 64. Ra8 Kc5 65. Rg8 Rc3+ 66. Kb2
Rg3+ 67. Kc2 Bg5 68. Rb8 Kd4 69. Rxb4 Rg2+ 70. Kb1 Kc3 71. Rb7 Rg1+ 72. Ka2 Bc1
73. Rxe7 Rg2+ 74. Kb1 Bg5 75. Rb7 Bc1 76. Re7 Bg5 77. Rb7 Bf6 78. Rb8 Kd3 79.
Rg8 Rb2+ 80. Kc1 Be5 1/2-1/2

[Event "15. Torneo Aficionados Benidorm s-2300"]
[Site "Benidorm ESP"]
[Date "2016.12.02"]
[Round "1.5"]
[White "Parligras, Cosmin"]
[Black "Pavel, Sebastian-Ionut"]
[Result "1-0"]
[WhiteElo "2277"]
[BlackElo "2108"]
[PlyCount "90"]
[EventDate "2016.12.02"]
[EventType "swiss"]
[EventRounds "10"]
[EventCountry "ESP"]
[SourceTitle "Ajedrez en Madrid"]
[Source "lmi"]
[SourceDate "2016.12.02"]

1. Nf3 Nf6 2. g3 g6 3. Bg2 Bg7 4. d4 O-O 5. O-O d6 6. b3 Nc6 7. Bb2 a6 8. c4
Rb8 9. d5 Na5 10. Bc3 c5 11. Qe1 b6 12. e4 e6 13. dxe6 Bxe6 14. Bxa5 bxa5 15.
Nc3 Re8 16. Nd2 Ng4 17. Rc1 Bd4 18. Nf3 Ne5 19. Qd2 Nxf3+ 20. Bxf3 Bd7 21. Bg2
a4 22. Ne2 axb3 23. axb3 Rxb3 24. Nxd4 cxd4 25. Qxd4 Qb6 26. Rfd1 Rb2 27. Qxb6
Rxb6 28. c5 Rc6 29. e5 d5 30. Rxd5 Rc7 31. Rxd7 Rxd7 32. Bc6 Rdd8 33. Bxe8 Rxe8
34. c6 a5 35. f4 f6 36. Kf2 fxe5 37. fxe5 Kf7 38. Ke3 Ke7 39. Kd4 Kd8 40. Kd5
Kc7 41. Rf1 a4 42. Rf7+ Kb6 43. Kd6 a3 44. Rb7+ Ka5 45. c7 Ra8 1-0

[Event "15. Torneo Aficionados Benidorm s-2300"]
[Site "Benidorm ESP"]
[Date "2016.12.02"]
[Round "1.6"]
[White "Sahelices Casado, Roberto"]
[Black "Mingarro Carceller, Sergi"]
[Result "1-0"]
[WhiteElo "2107"]
[BlackElo "2276"]
[PlyCount "169"]
[EventDate "2016.12.02"]
[EventType "swiss"]
[EventRounds "10"]
[EventCountry "ESP"]
[SourceTitle "Ajedrez en Madrid"]
[Source "lmi"]
[SourceDate "2016.12.02"]

1. d4 e6 2. c4 f5 3. Nf3 Nf6 4. g3 d5 5. Bg2 c6 6. O-O Bd6 7. b3 Qe7 8. Bb2 O-O
9. Qc1 b6 10. Ba3 Bb7 11. Bxd6 Qxd6 12. Qa3 c5 13. cxd5 exd5 14. Nc3 Nbd7 15.
e3 Ne4 16. Rac1 Qf6 17. Ne2 Rfc8 18. dxc5 bxc5 19. Rfd1 Rc6 20. Rc2 Rd6 21. Qc1
Rd8 22. Qa3 Ra6 23. Qc1 Qe7 24. Qb2 Ndf6 25. Qe5 Qf8 26. h3 d4 27. exd4 Re8 28.
Qf4 Nd5 29. Qc1 Nb4 30. Rb2 Nxa2 31. Qc4+ Kh8 32. Ne5 Nb4 33. Nf7+ Kg8 34. dxc5
Qxf7 35. Qxb4 Rae6 36. Nd4 R6e7 37. c6 Bc8 38. Rc1 f4 39. Qc4 fxg3 40. Qxf7+
Rxf7 41. fxg3 Rfe7 42. g4 Rd8 43. Nf5 Bxf5 44. gxf5 Ng3 45. Rc5 Ne2+ 46. Kf2
Nf4 47. Bf1 Rc7 48. b4 Kf8 49. b5 Nh5 50. Ra2 Nf6 51. Re5 Rd5 52. Rxd5 Nxd5 53.
Rd2 Nc3 54. Kf3 Ke7 55. Kf4 Na4 56. Ke5 Nb6 57. Rg2 Kd8 58. Kd6 Nc8+ 59. Kc5
Rf7 60. Bd3 Kc7 61. Rf2 Nd6 62. Ra2 Nc8 63. Kd5 Rf8 64. Ke5 Kb6 65. Ra6+ Kc7
66. Bc4 Kb8 67. Be6 Re8 68. Kd5 Rd8+ 69. Kc5 Nd6 70. Ra4 Ne8 71. Bd7 Nc7 72.
Rb4 Na8 73. Kd6 Rf8 74. Re4 Nc7 75. Kc5 g6 76. fxg6 hxg6 77. Re7 Rh8 78. Bg4
Rd8 79. Rd7 Re8 80. Rg7 Re5+ 81. Kd4 Re8 82. Rxg6 Nxb5+ 83. Kc4 Re5 84. Rg7 a5
85. Rb7+ 1-0

[Event "15. Torneo Aficionados Benidorm s-2300"]
[Site "Benidorm ESP"]
[Date "2016.12.02"]
[Round "1.7"]
[White "Serra Pages, Jordi"]
[Black "Santos, Jeovani Amaro Dias"]
[Result "0-1"]
[WhiteElo "2269"]
[BlackElo "2105"]
[PlyCount "135"]
[EventDate "2016.12.02"]
[EventType "swiss"]
[EventRounds "10"]
[EventCountry "ESP"]
[SourceTitle "Ajedrez en Madrid"]
[Source "lmi"]
[SourceDate "2016.12.02"]

1. d4 d6 2. c4 e5 3. Nf3 e4 4. Ng5 f5 5. f4 h6 6. Nh3 Nf6 7. e3 Be7 8. Be2 O-O
9. O-O c6 10. Nc3 Be6 11. b4 a5 12. b5 Nbd7 13. bxc6 bxc6 14. Na4 Qc7 15. Bd2
Rfb8 16. Qc2 Nb6 17. Rab1 Nxa4 18. Qxa4 c5 19. d5 Bd7 20. Qc2 Bd8 21. Nf2 Rxb1
22. Rxb1 Rb8 23. g4 Rxb1+ 24. Qxb1 g6 25. Bc3 Bc8 26. Kg2 Ba6 27. Ba1 Qb7 28.
Qc1 Qb4 29. Bc3 Qb7 30. Qd2 a4 31. g5 hxg5 32. fxg5 Ne8 33. h4 Qh7 34. Ba5 Bxa5
35. Qxa5 Qxh4 36. Qxa6 Qxg5+ 37. Kf1 Qxe3 38. Qxa4 Kf8 39. Qb3 Qf4 40. Ke1 e3
41. Nd3 Qh4+ 42. Kd1 Qd4 43. Kc2 Qh4 44. a4 Qh2 45. Nc1 f4 46. a5 f3 47. Qxe3
fxe2 48. Nxe2 Nc7 49. Qf4+ Qxf4 50. Nxf4 Kf7 51. Ne6 Na6 52. Kd3 Kf6 53. Ke4 g5
54. Nd8 g4 55. Nb7 g3 56. Kf3 Ke7 57. Kxg3 Kd7 58. Kf4 Kc7 59. Nxd6 Kxd6 60.
Kf5 Nb8 61. Ke4 Nd7 62. a6 Nb6 63. a7 Kc7 64. Kf5 Kb7 65. d6 Kxa7 66. Ke6 Ka6
67. d7 Nxd7 68. Kxd7 0-1

[Event "15. Torneo Aficionados Benidorm s-2300"]
[Site "Benidorm ESP"]
[Date "2016.12.02"]
[Round "1.8"]
[White "Lopez Pereyra, Antonio"]
[Black "Jimenez Martinez, Jose Vicente"]
[Result "0-1"]
[WhiteElo "2104"]
[BlackElo "2267"]
[PlyCount "60"]
[EventDate "2016.12.02"]
[EventType "swiss"]
[EventRounds "10"]
[EventCountry "ESP"]
[SourceTitle "Ajedrez en Madrid"]
[Source "lmi"]
[SourceDate "2016.12.02"]

1. e4 d6 2. d4 g6 3. Nc3 Bg7 4. Be3 a6 5. Qd2 Nd7 6. h4 Ngf6 7. f3 b5 8. Bh6
Bxh6 9. Qxh6 c5 10. Nge2 Qc7 11. h5 gxh5 12. dxc5 Qxc5 13. O-O-O Bb7 14. Kb1
Rg8 15. Nd5 Bxd5 16. exd5 Nxd5 17. Rxh5 N7f6 18. Nf4 e5 19. Nxd5 Nxd5 20. Bd3
Rxg2 21. Qxh7 Nf6 22. Qh8+ Ke7 23. Rxe5+ dxe5 24. Qxa8 Rg1 25. Bf1 Qd4 26. Rc1
Qf2 27. Qb7+ Kf8 28. Qc8+ Kg7 29. Qh3 Nd5 30. Qf5 Qxf1 0-1

[Event "15. Torneo Aficionados Benidorm s-2300"]
[Site "Benidorm ESP"]
[Date "2016.12.02"]
[Round "1.9"]
[White "Bas Mas, Miguel"]
[Black "Galiana Fernandez, Adrian"]
[Result "1-0"]
[WhiteElo "2258"]
[BlackElo "2102"]
[PlyCount "115"]
[EventDate "2016.12.02"]
[EventType "swiss"]
[EventRounds "10"]
[EventCountry "ESP"]
[SourceTitle "Ajedrez en Madrid"]
[Source "lmi"]
[SourceDate "2016.12.02"]

1. e4 c5 2. Nf3 e6 3. b4 b6 4. bxc5 bxc5 5. Nc3 Nc6 6. Bb5 Nd4 7. O-O Nxb5 8.
Nxb5 Rb8 9. c4 a6 10. Nc3 Ne7 11. d3 Nc6 12. Bf4 d6 13. e5 dxe5 14. Nxe5 Nxe5
15. Bxe5 Bd6 16. Bxd6 Qxd6 17. Ne4 Qc6 18. Qh5 O-O 19. Qxc5 Bb7 20. Qxc6 Bxc6
21. Nc5 a5 22. Rab1 Rbc8 23. Nb3 Rfd8 24. Nxa5 Ba4 25. Rfc1 Rxd3 26. Nb3 Kf8
27. Kf1 Ke7 28. Ke2 Rd7 29. f3 e5 30. Nd2 f5 31. Rb2 Rc6 32. Rb4 Rcd6 33. Nf1
Bc6 34. c5 Rd5 35. Rb6 Ba4 36. c6 Rc7 37. Ne3 Bb5+ 38. Ke1 Rd3 39. Nxf5+ Kf6
40. Rxb5 Kxf5 41. Rb7 Rc8 42. c7 Ke6 43. a4 Rd5 44. Ke2 Kd7 45. Ke3 g6 46. Ra7
Kd6 47. a5 h6 48. Rc3 h5 49. Rd3 Rxd3+ 50. Kxd3 Kc6 51. Ke4 Re8 52. a6 Rf8 53.
Rb7 h4 54. Kxe5 h3 55. gxh3 Rh8 56. Kf6 Kd7 57. a7 Rf8+ 58. Kg7 1-0

[Event "15. Torneo Aficionados Benidorm s-2300"]
[Site "Benidorm ESP"]
[Date "2016.12.02"]
[Round "1.11"]
[White "Buenafe Moya, Javier"]
[Black "Garcia Perez, Javier"]
[Result "1-0"]
[WhiteElo "2257"]
[BlackElo "2094"]
[PlyCount "69"]
[EventDate "2016.12.02"]
[EventType "swiss"]
[EventRounds "10"]
[EventCountry "ESP"]
[SourceTitle "Ajedrez en Madrid"]
[Source "lmi"]
[SourceDate "2016.12.02"]

1. c4 e5 2. Nc3 Nc6 3. g3 g6 4. Bg2 Bg7 5. d3 f5 6. e3 Nf6 7. Nge2 O-O 8. O-O
d6 9. Rb1 Be6 10. Nd5 Bf7 11. Nec3 Qd7 12. b4 Nd8 13. b5 Re8 14. a4 Nxd5 15.
Nxd5 Ne6 16. a5 Nc5 17. Bb2 c6 18. bxc6 bxc6 19. Nb4 Rac8 20. d4 exd4 21. exd4
Ne4 22. d5 c5 23. Nc6 Nc3 24. Bxc3 Bxc3 25. a6 Rc7 26. Rb3 Bf6 27. Qb1 Qc8 28.
Rb7 Rxc6 29. dxc6 Bxc4 30. Rxa7 Bxf1 31. Bd5+ Kh8 32. Qb7 Qxb7 33. axb7 Bh3 34.
Ra8 Bd8 35. Rxd8 1-0

[Event "15. Torneo Aficionados Benidorm s-2300"]
[Site "Benidorm ESP"]
[Date "2016.12.02"]
[Round "1.12"]
[White "Asensio Linan, Teodoro"]
[Black "De La Cruz Sanchez, Carlos G"]
[Result "1/2-1/2"]
[WhiteElo "2093"]
[BlackElo "2250"]
[PlyCount "108"]
[EventDate "2016.12.02"]
[EventType "swiss"]
[EventRounds "10"]
[EventCountry "ESP"]
[SourceTitle "Ajedrez en Madrid"]
[Source "lmi"]
[SourceDate "2016.12.02"]

1. e4 e6 2. d4 d5 3. Nd2 Be7 4. Ngf3 c5 5. exd5 exd5 6. dxc5 Bxc5 7. Bd3 Nf6 8.
O-O O-O 9. Nb3 Bb6 10. Bf4 Bg4 11. h3 Bh5 12. Re1 Nc6 13. c3 Re8 14. Rxe8+ Qxe8
15. g4 Bg6 16. Bxg6 hxg6 17. Nbd4 Qe4 18. Qd2 Re8 19. Rd1 Qe7 20. Qd3 Qd7 21.
Kg2 Ne4 22. Be3 Nf6 23. Nc2 Nxg4 24. Bxb6 axb6 25. hxg4 Qxg4+ 26. Kh1 Ne5 27.
Nh2 Qa4 28. Qd2 Nc4 29. b3 Nxd2 30. bxa4 Ne4 31. Rxd5 Nxf2+ 32. Kg2 Ne4 33. Nd4
Nxc3 34. Rd7 Nxa2 35. Rxb7 Nc3 36. Ra7 Re5 37. Ra8+ Kh7 38. Ra7 f6 39. Nhf3 Ra5
40. Rd7 Rxa4 41. Ne6 Kh6 42. Nxg7 Re4 43. Nd2 Re2+ 44. Kf3 b5 45. Nb3 Re5 46.
Rb7 Nd5 47. Nd4 f5 48. Nge6 g5 49. Nf8 g4+ 50. Kf2 Kg5 51. Rxb5 f4 52. Nd7 g3+
53. Kf3 g2 54. Kxg2 Re6 1/2-1/2

[Event "15. Torneo Aficionados Benidorm s-2300"]
[Site "Benidorm ESP"]
[Date "2016.12.02"]
[Round "1.13"]
[White "Gomez Jurado, Luis Alberto"]
[Black "Perez Aleman, Pedro Tomas"]
[Result "1-0"]
[WhiteElo "2248"]
[BlackElo "2093"]
[PlyCount "95"]
[EventDate "2016.12.02"]
[EventType "swiss"]
[EventRounds "10"]
[EventCountry "ESP"]
[SourceTitle "Ajedrez en Madrid"]
[Source "lmi"]
[SourceDate "2016.12.02"]

1. c4 Nf6 2. g3 g6 3. b3 Bg7 4. Bb2 d6 5. Bg2 e5 6. Nf3 O-O 7. O-O Nc6 8. d4
Nd7 9. dxe5 Ndxe5 10. Nxe5 Nxe5 11. Qd2 Be6 12. f4 Nc6 13. Bxg7 Kxg7 14. Nc3
Qd7 15. Nd5 Rae8 16. e4 Bh3 17. Bxh3 Qxh3 18. Rae1 Qd7 19. b4 a6 20. b5 Ne7 21.
Nf6 Qe6 22. Nxe8+ Rxe8 23. f5 Qf6 24. e5 dxe5 25. Qd7 Kf8 26. fxg6 Qb6+ 27. Kh1
hxg6 28. Rxe5 axb5 29. cxb5 Qd6 30. Qxd6 cxd6 31. Re2 Rd8 32. g4 Rd7 33. a4 b6
34. a5 bxa5 35. Ra2 Nd5 36. Rxa5 Ne3 37. Rb1 Rb7 38. Ra8+ Kg7 39. Rc8 Nxg4 40.
b6 Nf2+ 41. Kg2 Nd3 42. Rc7 Rb8 43. b7 Nc5 44. Rf1 Kh6 45. Rfxf7 Kg5 46. Kf3
Kh5 47. Rh7+ Kg5 48. Rcf7 1-0

[Event "15. Torneo Aficionados Benidorm s-2300"]
[Site "Benidorm ESP"]
[Date "2016.12.02"]
[Round "1.14"]
[White "Blanco Gutierrez, Pedro"]
[Black "Montalban Galvez, Antoni"]
[Result "1-0"]
[WhiteElo "2090"]
[BlackElo "2245"]
[PlyCount "83"]
[EventDate "2016.12.02"]
[EventType "swiss"]
[EventRounds "10"]
[EventCountry "ESP"]
[SourceTitle "Ajedrez en Madrid"]
[Source "lmi"]
[SourceDate "2016.12.02"]

1. e4 c5 2. Nc3 a6 3. a4 Nc6 4. Nge2 Nf6 5. g3 h5 6. d3 h4 7. Bg5 Ne5 8. Nc1
hxg3 9. fxg3 e6 10. Bg2 Be7 11. Qe2 d6 12. Nb3 Bd7 13. Bf4 Qc7 14. Bxe5 dxe5
15. Nd2 O-O 16. a5 Bb5 17. O-O Nd7 18. b3 Rad8 19. Bh3 Qd6 20. Kg2 Nb8 21. Qh5
Nc6 22. Nf3 Bf6 23. Rf2 Rd7 24. Raf1 Re8 25. Ng5 Bxg5 26. Rxf7 Rde7 27. Qg6 Bh6
28. Nd5 exd5 29. Qxd6 Rxf7 30. Rxf7 Kxf7 31. c4 dxc4 32. dxc4 Rd8 33. Qc7+ Ke8
34. cxb5 Rd2+ 35. Kf3 axb5 36. Qxb7 Nd4+ 37. Kg4 Rf2 38. a6 Rf6 39. Kh5 Be3 40.
Bd7+ Kd8 41. a7 Rh6+ 42. Kg4 1-0

[Event "15. Torneo Aficionados Benidorm s-2300"]
[Site "Benidorm ESP"]
[Date "2016.12.03"]
[Round "2.1"]
[White "Roig Aguilar, Alejandro"]
[Black "Exposito Amaro, Josue"]
[Result "1-0"]
[WhiteElo "2150"]
[BlackElo "2283"]
[PlyCount "50"]
[EventDate "2016.12.02"]
[EventType "swiss"]
[EventRounds "10"]
[EventCountry "ESP"]
[SourceTitle "Ajedrez en Madrid"]
[Source "lmi"]
[SourceDate "2016.12.02"]

1. e4 c5 2. Nc3 e6 3. f4 d5 4. Nf3 dxe4 5. Nxe4 Nf6 6. Bb5+ Bd7 7. Qe2 Be7 8.
Ne5 O-O 9. Nxd7 Nbxd7 10. O-O Nb6 11. c3 Qd5 12. Bd3 Nbd7 13. b3 a5 14. Bb2 Qc6
15. c4 a4 16. Ng5 axb3 17. axb3 Rxa1 18. Bxa1 Re8 19. Nf3 Ra8 20. Ne5 Qd6 21.
Bc3 Rd8 22. Bc2 Nb8 23. Qf3 b5 24. cxb5 Nd5 25. Bxh7+ Kf8 1-0

[Event "15. Torneo Aficionados Benidorm s-2300"]
[Site "Benidorm ESP"]
[Date "2016.12.03"]
[Round "2.2"]
[White "Solano Lasierra, Javier"]
[Black "Parligras, Cosmin"]
[Result "1/2-1/2"]
[WhiteElo "2143"]
[BlackElo "2277"]
[PlyCount "100"]
[EventDate "2016.12.02"]
[EventType "swiss"]
[EventRounds "10"]
[EventCountry "ESP"]
[SourceTitle "Ajedrez en Madrid"]
[Source "lmi"]
[SourceDate "2016.12.02"]

1. d4 Nf6 2. Nf3 e6 3. Bg5 d5 4. e3 Nbd7 5. Nbd2 Be7 6. Bd3 c5 7. c3 b6 8. O-O
Bb7 9. Ne5 Nxe5 10. dxe5 Nd7 11. Bxe7 Qxe7 12. f4 g5 13. c4 O-O-O 14. Qe2 f6
15. cxd5 exd5 16. Ba6 gxf4 17. exf4 fxe5 18. fxe5 Qxe5 19. Bxb7+ Kxb7 20. Qd3
c4 21. Qc2 Rhe8 22. Rf2 Re7 23. Raf1 Nc5 24. b3 c3 25. Nf3 Qe3 26. Ne1 Qxf2+
27. Rxf2 Rxe1+ 28. Rf1 Rxf1+ 29. Kxf1 d4 30. Ke1 Rd7 31. Kd1 Rf7 32. Ke1 a5 33.
a3 Re7+ 34. Kd1 Rf7 35. Ke1 Rd7 36. Kd1 b5 37. b4 axb4 38. axb4 Na4 39. Qf5 Nb6
40. Qc5 Rc7 41. Qxb5 d3 42. Qxd3 Rd7 43. Qxd7+ Nxd7 44. Kc2 Kc6 45. Kxc3 Kd5
46. Kd3 Ne5+ 47. Ke3 Ng4+ 48. Kf4 Nxh2 49. Kg5 Nf1 50. Kh6 Ne3 1/2-1/2

[Event "15. Torneo Aficionados Benidorm s-2300"]
[Site "Benidorm ESP"]
[Date "2016.12.03"]
[Round "2.3"]
[White "Jimenez Martinez, Jose Vicente"]
[Black "Jordan Martinez, David"]
[Result "1/2-1/2"]
[WhiteElo "2267"]
[BlackElo "2144"]
[PlyCount "116"]
[EventDate "2016.12.02"]
[EventType "swiss"]
[EventRounds "10"]
[EventCountry "ESP"]
[SourceTitle "Ajedrez en Madrid"]
[Source "lmi"]
[SourceDate "2016.12.02"]

1. d4 Nf6 2. c4 e6 3. Nc3 Bb4 4. Qc2 O-O 5. a3 Bxc3+ 6. Qxc3 b5 7. cxb5 c6 8.
Bg5 cxb5 9. e3 Bb7 10. Nf3 h6 11. Bh4 a6 12. Bd3 Nc6 13. b4 Rc8 14. Qb2 g5 15.
Bg3 Ne7 16. O-O Ne4 17. Bxe4 Bxe4 18. Rfc1 Bxf3 19. gxf3 Qb6 20. Qb3 Rc6 21. a4
Rfc8 22. Rxc6 Qxc6 23. axb5 axb5 24. e4 f5 25. d5 exd5 26. exf5 Nxf5 27. Rd1
Qc4 28. Qb1 Qc2 29. Qxc2 Rxc2 30. Rxd5 Nxg3 31. hxg3 Rb2 32. Rxb5 Kg7 33. Rb7
Kf6 34. Rxd7 Rxb4 35. Rd6+ Kg7 36. Re6 Rb2 37. Re4 Kf6 38. Rc4 Ra2 39. f4 Kf5
40. Rc5+ Kg4 41. Kg2 Rb2 42. f5 h5 43. f6 h4 44. gxh4 gxh4 45. Rc4+ Kg5 46. f7
Rb8 47. Rc7 Kf6 48. Kh3 Rh8 49. Rb7 Ke6 50. Ra7 Kf6 51. f3 Ke6 52. Rc7 Kf6 53.
Rb7 Ke6 54. Rb4 Kxf7 55. Rxh4 Rxh4+ 56. Kxh4 Kf6 57. Kg4 Kg6 58. f4 Kf6 1/2-1/2

[Event "15. Torneo Aficionados Benidorm s-2300"]
[Site "Benidorm ESP"]
[Date "2016.12.03"]
[Round "2.4"]
[White "Alvarez Serrano, Carlos"]
[Black "Bas Mas, Miguel"]
[Result "1-0"]
[WhiteElo "2141"]
[BlackElo "2258"]
[PlyCount "107"]
[EventDate "2016.12.02"]
[EventType "swiss"]
[EventRounds "10"]
[EventCountry "ESP"]
[SourceTitle "Ajedrez en Madrid"]
[Source "lmi"]
[SourceDate "2016.12.02"]

1. d4 f5 2. Nc3 Nf6 3. Nf3 e6 4. Bg5 d5 5. e3 h6 6. Bxf6 Qxf6 7. Ne5 g6 8. Be2
Rg8 9. Nb5 Bd6 10. Nxd6+ cxd6 11. Bb5+ Ke7 12. Nd3 a6 13. Ba4 Bd7 14. Bb3 Bb5
15. a4 Bxd3 16. Qxd3 Nc6 17. O-O Rgc8 18. Rae1 Kd7 19. c3 Na5 20. Ba2 Rab8 21.
f3 b5 22. axb5 Rxb5 23. b4 Nc4 24. Bxc4 Rxc4 25. Ra1 Rb6 26. e4 Rbc6 27. exd5
exd5 28. Ra3 Qd8 29. Re1 Kc7 30. Qe3 Kb6 31. Rea1 Qc8 32. Qe2 g5 33. Ra5 Rc7
34. Qa2 Ra7 35. Rxd5 Rxc3 36. Rxd6+ Kc7 37. Rxa6 Rxa6 38. Qxa6 Qxa6 39. Rxa6 f4
40. h3 Rc4 41. Rxh6 Rxb4 42. Rh5 Rxd4 43. Rxg5 Kd7 44. Re5 Rd6 45. Kh2 Rh6 46.
Re4 Rh4 47. Kg1 Kd6 48. Kf2 Kd5 49. Ke2 Kd6 50. Kd2 Kc6 51. Kc3 Kd5 52. Kd3 Kc5
53. Re5+ Kd6 54. Ke4 1-0

[Event "15. Torneo Aficionados Benidorm s-2300"]
[Site "Benidorm ESP"]
[Date "2016.12.03"]
[Round "2.5"]
[White "Bispo, Leonardo"]
[Black "Sabater Sanchez, Asensio"]
[Result "0-1"]
[WhiteElo "2258"]
[BlackElo "2143"]
[PlyCount "124"]
[EventDate "2016.12.02"]
[EventType "swiss"]
[EventRounds "10"]
[EventCountry "ESP"]
[SourceTitle "Ajedrez en Madrid"]
[Source "lmi"]
[SourceDate "2016.12.02"]

1. d4 d5 2. Nf3 Bf5 3. c4 e6 4. Nc3 c6 5. e3 Nd7 6. Be2 h6 7. Bd2 Bd6 8. a4
Ngf6 9. O-O O-O 10. a5 a6 11. Na4 Ne4 12. c5 Bc7 13. Nb6 Rb8 14. Bb4 Qe7 15.
Ra4 Rbd8 16. Bd3 Bg4 17. h3 Bxf3 18. Qxf3 f5 19. Qh5 Ndf6 20. Qg6 Qf7 21. Qxf7+
Rxf7 22. Be1 g5 23. f3 Ng3 24. Bxg3 Bxg3 25. Ra3 Bc7 26. g4 f4 27. exf4 Bxf4
28. Re1 Re7 29. Kg2 Nh7 30. Re2 Nf8 31. Ra1 Kf7 32. Rae1 Rde8 33. b3 e5 34. Bf5
Ne6 35. dxe5 Nd4 36. e6+ Kg7 37. Nd7 Nxe2 38. Rxe2 Bc7 39. Ra2 Rxe6 40. Bxe6
Rxe6 41. Kf2 Kf7 42. Nb6 Be5 43. b4 Bc3 44. Nc8 Bxb4 45. Nd6+ Kf6 46. Nf5 Bxc5+
47. Kf1 Bb4 48. Nxh6 c5 49. Nf5 d4 50. Ng3 Re3 51. Ne4+ Ke5 52. Re2 Rxf3+ 53.
Kg2 Kf4 54. Nf6 Rg3+ 55. Kf2 Rf3+ 56. Kg2 Re3 57. Nd5+ Ke4 58. Nxe3 dxe3 59. h4
gxh4 60. g5 Bc3 61. Rc2 Kd3 62. Rc1 Bd4 0-1

[Event "15. Torneo Aficionados Benidorm s-2300"]
[Site "Benidorm ESP"]
[Date "2016.12.03"]
[Round "2.6"]
[White "Aracil Serra, Javier"]
[Black "Buenafe Moya, Javier"]
[Result "1/2-1/2"]
[WhiteElo "2134"]
[BlackElo "2257"]
[PlyCount "71"]
[EventDate "2016.12.02"]
[EventType "swiss"]
[EventRounds "10"]
[EventCountry "ESP"]
[SourceTitle "Ajedrez en Madrid"]
[Source "lmi"]
[SourceDate "2016.12.02"]

1. Nf3 d6 2. c4 e5 3. d4 Qe7 4. Nc3 c6 5. Bg5 Nf6 6. e3 Nbd7 7. Be2 h6 8. Bh4
g5 9. Bg3 Nh5 10. dxe5 dxe5 11. Bxe5 Nxe5 12. Nxe5 Qxe5 13. Bxh5 Be6 14. Be2
Rd8 15. Qc2 Bb4 16. Rc1 Rd7 17. a3 Bd6 18. Qe4 Bf5 19. Qxe5+ Bxe5 20. h4 g4 21.
e4 Be6 22. g3 Ke7 23. Rc2 Rhd8 24. Nd5+ cxd5 25. cxd5 Bxd5 26. exd5 f5 27. Bc4
Rc7 28. Kd2 Bxb2 29. Re1+ Kf8 30. a4 Bd4 31. Kd3 Bf6 32. Re6 Kf7 33. Ree2 Rd6
34. Bb3 Rxc2 35. Rxc2 Bd8 36. Re2 1/2-1/2